Endonym or Exonym? - Statistics

General Stats
  • This quiz has been taken 297 times
  • The average score is 21 of 30
Answer Stats
Hint Answer % Correct
Torino (Turin) Endonym
88%
Praha (Prague) Endonym
87%
Yamato (Japan) Endonym
87%
Moskva (Moscow) Endonym
86%
Sverige (Sweden) Endonym
85%
Finlyandiya (Finland) Exonym
85%
Eesti (Estonia) Endonym
84%
Warszawa (Warsaw) Endonym
84%
Grecja (Greece) Exonym
81%
Bharat (India) Endonym
80%
Makkah (Mecca) Endonym
80%
Wenen (Vienna) Exonym
79%
Kelnas (Cologne) Exonym
79%
Francia (France) Exonym
78%
Yerushalayim (Jerusalem) Endonym
76%
Napoles (Naples) Exonym
76%
Kamboxhia (Cambodia) Exonym
75%
Beograd (Belgrade) Endonym
73%
Bukharist (Bucharest) Exonym
66%
Irakleiou (Heraklion) Endonym
65%
Sichillia (Sicily) Exonym
65%
Pohjanmaa (Ostrobothnia) Endonym
61%
Athene (Athens) Exonym
55%
Budapeshta (Budapest) Exonym
54%
Keson (Quezon) Exonym
53%
Kenia (Kenya) Exonym
50%
Kahira (Cairo) Exonym
47%
Tarabulus (Tripoli) Endonym
44%
Smyrni (Izmir) Exonym
44%
Glaschu (Glasgow) Endonym
35%
No matching quizzes found
Score Distribution
Percent of People with Each Score
Percentile by Number Answered
Your Score History
You have not taken this quiz